Catálogo - Centro de Recursos para el Aprendizaje y la Investigación

Volver al Sitio - CRAI Biblioteca

Historia de la justicia Panameña / (Registro nro. 113952)

Detalles MARC
000 -CABECERA
campo de control de longitud fija 01089nam a2200241 4500
001 - NÚMERO DE CONTROL
campo de control 113952
003 - IDENTIFICADOR DEL NÚMERO DE CONTROL
campo de control DR-UNIBE
005 - FECHA Y HORA DE LA ÚLTIMA TRANSACCIÓN
campo de control 20250728103823.0
008 - DATOS DE LONGITUD FIJA--INFORMACIÓN GENERAL
campo de control de longitud fija 250728b2007 pn ||||| |||| 00| 0 spa d
020 ## - NÚMERO INTERNACIONAL ESTÁNDAR DEL LIBRO
Número Internacional Estándar del Libro 9789962883067
040 ## - FUENTE DE LA CATALOGACIÓN
Centro catalogador/agencia de origen BIBLIOTECA UNIBE
Centro/agencia transcriptor BIBLIOTECA UNIBE
Lengua de catalogación spa
Normas de descripción rda
041 ## - CÓDIGO DE LENGUA
Código de lengua del texto/banda sonora o título independiente spa
082 ## - NÚMERO DE LA CLASIFICACIÓN DECIMAL DEWEY
Número de edición 22
Número de clasificación 340.097287 C965h
100 10 - ENTRADA PRINCIPAL--NOMBRE DE PERSONA
Nombre de persona Cuesta Gómez, Carlos Humberto,
Fechas asociadas al nombre 1953-
9 (RLIN) 197704
Término indicativo de función/relación autor
245 1o - MENCIÓN DE TÍTULO
Título Historia de la justicia Panameña /
Mención de responsabilidad, etc. Carlos H. Cuestas G.
250 ## - MENCIÓN DE EDICIÓN
Mención de edición Primera edición
260 ## - PUBLICACIÓN, DISTRIBUCIÓN, ETC.
Lugar de publicación, distribución, etc. Panamá:
Nombre del editor, distribuidor, etc. Organo Judicial,
Fecha de publicación, distribución, etc. 2007
300 ## - DESCRIPCIÓN FÍSICA
Extensión 309 páginas :
Dimensiones 24 x 17 cm
505 ## - NOTA DE CONTENIDO CON FORMATO
Nota de contenido con formato Capitulo Primero: Una Visión indígena de la justicia en el Istmo de panamá |<br/>Capitulo Segundo:Antecedentes hispánicos del judicial panameño |<br/>Capitulo Tercero: la administración de justicia durante la unión a Colombia (1821-1903) |<br/>Capitulo Cuarto. La justicia Panameña durante la República | <br/>Anexos
650 #7 - PUNTO DE ACCESO ADICIONAL DE MATERIA--TÉRMINO DE MATERIA
Fuente del encabezamiento o término lemb
Término de materia o nombre geográfico como elemento de entrada Justicia panameña
Subdivisión general Historia
9 (RLIN) 197726
650 #7 - PUNTO DE ACCESO ADICIONAL DE MATERIA--TÉRMINO DE MATERIA
Fuente del encabezamiento o término lemb
Término de materia o nombre geográfico como elemento de entrada Administración de justicia
Subdivisión geográfica Panamá
Subdivisión general Historia
9 (RLIN) 197727
942 ## - ELEMENTOS DE PUNTO DE ACCESO ADICIONAL (KOHA)
Fuente del sistema de clasificación o colocación Sistema de Clasificación Decimal Dewey
Tipo de ítem Koha Libro (general)
Existencias
Estado de retiro Estado de pérdida Fuente del sistema de clasificación o colocación No para préstamo Código de colección Localización permanente Fecha de adquisición Total de préstamos Signatura topográfica completa Código de barras Fecha visto por última vez Número de copia Precio válido a partir de Tipo de ítem Koha
  Disponible Sistema de Clasificación Decimal Dewey   General Biblioteca Central UNIBE 10/06/2025   340.097287 C965h 250889 28/07/2025 Ej. 1 28/07/2025 Libro (general)